000 00158 a2200085 4500
041 _aeng
100 _aRobert sanSouci
245 _aThe Little Ghost
942 _cK
999 _c27777
_d27777